000 00900cam a2200277 a 4500
001 12043851
003 LC
005 20160314150619.0
008 000616s2000 nyu 000 1 eng
010 _a 00056614
020 _a0446610178
040 _aDLC
_cDLC
_dDLC
050 0 0 _aPS 3569 .H3927
_b.Sh544 2001
082 0 0 _aFIC
_bSh4s 2000
100 1 _aSheldon, Sidney.
245 1 4 _aThe sky is falling /
_cSidney Sheldon.
250 _a1st ed.
260 _aNew York :
_bWarner Books,
_c2001.
300 _a398 p. :
_c18 cm.
650 0 _aFiction.
655 7 _aDetective and mystery stories.
_2gsafd
906 _a7
_bcbc
_corignew
_d1
_eocip
_f20
_gy-gencatlg
942 _2lcc
_cBK
999 _c11155
_d11155